000 00653nam a2200205 a 4500
001 BRCA_1975
005 20190320203625.0
008 230905s1993----mx-a---###---#000-0#spa-#
020 _a9688008931
050 4 _aAM23
_b.G85 1993
245 1 0 _aGuía de los museos del Distrito Federal.
250 _a3
260 _aMéxico
_bConsejo Nacional Técnico de la Educación (CONALTE)
_c1993
300 _a552 p.
_bil.
_c21 cm.
440 0 _a1993 año para el estudio de la historia en México
_96063
500 _aIncluye anexos, planos y 74 fotografías
650 1 4 _aMuseos
_xGuías de viajeros
_zMéxico (Ciudad)
_96064
902 _aREF
942 _2lcc
_cB
999 _c1744
_d1744